000 00612nam a2200205Ii 4500
003 JO-AjNU
008 230605s9999||||xx |||||||||||||| ||und||
017 _a2014/5/2050
040 _aJO-AjNU
_bara
_erda
_cJO-AjNU
041 _aara
050 1 4 _aPJ7802.A222.A15 2014
100 3 _aتأليف عبابنة، يحيى,
_eauthor
_948686
245 0 0 _aقربان مؤاب
264 3 1 _aعمان:وزارة الثقافة،2014
300 _a222ص
336 _atext
_btxt
_2rdacontent
337 _aunmediated
_bn
_2rdamedia
338 _avolume
_bnc
_2rdacarrier
650 4 _aالقصص العربية
_948687
999 _aA21338
_c24906
_d24906